| Tag |
First Indicator |
Second Indicator |
Subfields |
| LEADER |
00000pam a2200000 i 4500 |
| 001 |
in00000613657 |
| 005 |
20170124095647.0 |
| 008 |
780320s1978 nyu 00011 eng |
| 010 |
|
|
|a 78005342
|
| 020 |
|
|
|a 0374292809 :
|c $10.95
|
| 035 |
|
|
|a (OCoLC)03845144
|
| 035 |
|
|
|9 ACT2348AM
|
| 040 |
|
|
|a DLC
|c DLC
|d TXA
|d UtOrBLW
|
| 041 |
1 |
|
|a eng
|a nor
|
| 049 |
|
|
|a TXAM
|c [975658]
|
| 050 |
0 |
0 |
|a PZ3.H1903
|b Wo 1978
|a PT8950.H3
|
| 090 |
|
|
|a PT8950.H3
|b W66 1978
|
| 100 |
1 |
|
|a Hamsun, Knut,
|d 1859-1952.
|
| 240 |
1 |
0 |
|a Konerne ved vandposten. English
|
| 245 |
1 |
4 |
|a The women at the pump /
|c Knut Hamsun ; translated from the Norwegian by Oliver and Gunnvor Stallybrass.
|
| 264 |
|
1 |
|a New York :
|b Farrar Straus Giroux,
|c 1978.
|
| 300 |
|
|
|a 392 pages ;
|c 22 cm.
|
| 336 |
|
|
|a text
|b txt
|2 rdacontent
|
| 337 |
|
|
|a unmediated
|b n
|2 rdamedia
|
| 338 |
|
|
|a volume
|b nc
|2 rdacarrier
|
| 500 |
|
|
|a Translation of Konerne ved vandposten.
|
| 999 |
|
|
|a MARS
|
| 999 |
f |
f |
|s de3d236f-878e-34b9-915a-505f14323e56
|i 51a0b0a8-471d-37d4-85ca-dd8ad2c3cfba
|t 0
|
| 952 |
f |
f |
|p normal
|a Texas A&M University
|b College Station
|c Sterling C. Evans Library
|d Evans: Library Stacks
|t 0
|e PT8950.H3 W66 1978
|h Library of Congress classification
|i unmediated -- volume
|m A14804237101
|
| 998 |
f |
f |
|a PT8950.H3 W66 1978
|t 0
|l Evans: Library Stacks
|